000
00298nam a22001217a 4500
040
_c
SY
082
_a
519 BAR 1994 C176
100
_a
Barbara M. Byrne
245
_a
structural equation modeling with EQS and EQS/Windows
260
_a
America
_b
Barbara M. Byrne
_c
1994
300
_a
287
942
_c
EK
999
_c
11142
_d
11142